000 00212 a2200097 4500
001 983
100 _aTerman,F.E.
245 _aMeasurements in radio engineering
260 _a
_bMcgraw-Hill
_c
090 _c563
_d563
942 _aNUST-CAE
_cM
_c32078
999 _c236056
_d236056